<?xml version="1.0" encoding="UTF-8"?>
<record
    xmlns:xsi="http://www.w3.org/2001/XMLSchema-instance"
    xsi:schemaLocation="http://www.loc.gov/MARC21/slim http://www.loc.gov/standards/marcxml/schema/MARC21slim.xsd"
    xmlns="http://www.loc.gov/MARC21/slim">

  <leader>05414nam a2200433 a 4500</leader>
  <controlfield tag="003">CHAP</controlfield>
  <controlfield tag="005">20240529174406.0</controlfield>
  <controlfield tag="007">ta</controlfield>
  <controlfield tag="008">230828s2020    mx ado|fom||| 001 0 spa d</controlfield>
  <datafield tag="040" ind1=" " ind2=" ">
    <subfield code="e">rda</subfield>
  </datafield>
  <datafield tag="041" ind1=" " ind2=" ">
    <subfield code="a">spa</subfield>
    <subfield code="b">eng</subfield>
  </datafield>
  <datafield tag="100" ind1="1" ind2=" ">
    <subfield code="9">156963</subfield>
    <subfield code="a">Miranda Molina, Francisco Daniel</subfield>
  </datafield>
  <datafield tag="240" ind1="1" ind2="0">
    <subfield code="a">Physiological changes, chilling injury, chemical profile and extraction of capsaicinoids from fruits of serrano chilli pepper (Capsicum annuum L.) during development and postharvest.</subfield>
    <subfield code="l">Espa&#xF1;ol</subfield>
  </datafield>
  <datafield tag="245" ind1="1" ind2="0">
    <subfield code="a">Cambios fisiol&#xF3;gicos, da&#xF1;os por fr&#xED;o, perfil qu&#xED;mico y extracci&#xF3;n de capsaicinoides de frutos de chile serrano (Capsicum annuum L.) durante su desarrollo y en poscosecha /</subfield>
    <subfield code="c">Francisco Daniel Miranda Molina</subfield>
  </datafield>
  <datafield tag="264" ind1=" " ind2=" ">
    <subfield code="a">Chapingo, M&#xE9;xico :</subfield>
    <subfield code="b">El autor,</subfield>
    <subfield code="c">2020</subfield>
  </datafield>
  <datafield tag="300" ind1=" " ind2=" ">
    <subfield code="a">1 recurso en l&#xED;nea (xvi, 116 p&#xE1;ginas) :</subfield>
    <subfield code="b">ilustraciones, tablas, gr&#xE1;ficas, fotos</subfield>
  </datafield>
  <datafield tag="336" ind1=" " ind2=" ">
    <subfield code="2">rdacontent</subfield>
    <subfield code="a">texto</subfield>
    <subfield code="b">txt</subfield>
  </datafield>
  <datafield tag="337" ind1=" " ind2=" ">
    <subfield code="2">rdamedia</subfield>
    <subfield code="a">computadora</subfield>
    <subfield code="b">c</subfield>
  </datafield>
  <datafield tag="338" ind1=" " ind2=" ">
    <subfield code="2">rdacarrier</subfield>
    <subfield code="a">recurso en l&#xED;nea</subfield>
    <subfield code="b">cr</subfield>
  </datafield>
  <datafield tag="502" ind1=" " ind2=" ">
    <subfield code="a">Tesis</subfield>
    <subfield code="b">DCA</subfield>
    <subfield code="c">Agroindustrias</subfield>
    <subfield code="d">2020</subfield>
    <subfield code="g">DOC</subfield>
  </datafield>
  <datafield tag="504" ind1=" " ind2=" ">
    <subfield code="a">Incluye bibliograf&#xED;as</subfield>
  </datafield>
  <datafield tag="520" ind1="3" ind2=" ">
    <subfield code="a">El chile Serrano (Capsicum annuum L.) es un cultivo de importancia en M&#xE9;xico; se consume principalmente en fresco y la forma de conservaci&#xF3;n m&#xE1;s com&#xFA;n es el uso de bajas temperaturas. Sin embargo, si el manejo no es adecuado el fruto puede experimentar da&#xF1;o por fr&#xED;o (DPF). El objetivo de este trabajo fue evaluar el efecto del almacenamiento a bajas temperaturas y el uso de elicitores (jasmonato de metilo y &#xE1;cido salic&#xED;lico) sobre los atributos de calidad de frutos de chile Serrano cv. Camino Real durante su desarrollo y el periodo de poscosecha. En los frutos manejados a 4 y 8 &#xB0;C se observaron cambios menores en p&#xE9;rdida de peso, textura y &#xE1;ngulo de matiz, pero con manejo a 4 &#xB0;C se identific&#xF3; oscurecimiento de semillas y tejido interno, lo cual se asoci&#xF3; con DPF. El manejo de frutos a 25 &#xB0;C caus&#xF3; increment&#xF3; de fenoles solubles totales y capsaicina, pero estos compuestos se mantuvieron sin cambios a 4 y 8 &#xB0;C cuando no se utilizaron elicitores. La aplicaci&#xF3;n de jasmonato de metilo (25 y 100 ppm) logr&#xF3; incrementar el contenido de fenoles, capsaicinoides y la actividad antioxidante de los frutos, mientras que el &#xE1;cido salic&#xED;lico no mostro ning&#xFA;n efecto en las variables analizadas, aunque ninguno de los dos elicitores mostro un efecto positivo en la inhibici&#xF3;n del DPF. La fuga de electrolitos fue menor en frutos almacenados a 8 y 25 &#xB0;C, mientras que en frutos a 4 &#xB0;C se tuvo ablandamiento significativo en superficie, as&#xED; como presencia de hongos en frutos da&#xF1;ados. El manejo a 8 &#xB0;C permiti&#xF3; mantener en condiciones &#xF3;ptimas los frutos de chile Serrano durante los 33 d&#xED;as de almacenamiento, mientras que el uso de jasmonato de metilo favoreci&#xF3; la bios&#xED;ntesis de compuestos fen&#xF3;licos y capsaicina.</subfield>
  </datafield>
  <datafield tag="520" ind1="3" ind2=" ">
    <subfield code="a">The Serrano chili (Capsicum annuum L.) is an important crop in Mexico; it is consumed mainly fresh and the most common preservation form is the use of low temperatures. However, if handling is not adequate, the fruit may experience chilling injury (CI). The objective of this work was to evaluate the effect of storage at low temperatures and the use of elicitors (methyl jasmonate and salicylic acid) on the quality attributes of Serrano fruits cv. Camino Real during development and the postharvest period. In fruits handled at 4 and 8 &#xB0;C, minor changes in weight loss, texture and hue angle were observed, but with handling at 4 &#xB0;C, darkening was observed in seeds and internal tissue, which was associated with CI. Fruit handling at 25 &#xB0;C showed increases of total soluble phenols and capsaicin, but these compounds remained unchanged at 4 and 8 &#xB0;C when elicitors were not used. The application of methyl jasmonate (25 and 100 ppm) caused increment of soluble phenols, capsaicinoids and antioxidant activity of the fruits, although the salicylic acid did not show any effect on the variables analyzed, although none of the two elicitors showed a positive effect on the inhibition of the IC. Electrolyte leakage was lower in fruits stored at 8 and 25 &#xB0;C, while in fruits at 4&#xB0;C there was significant softening at the surface, as well as presence of fungi in damaged fruits. Handling at 8 &#xB0;C allowed the Serrano pepper fruits to be kept in optimal conditions during the 33 days of storage, while the use of methyl jasmonate increased the content of beneficial compounds for health.</subfield>
  </datafield>
  <datafield tag="650" ind1="1" ind2="3">
    <subfield code="9">187781</subfield>
    <subfield code="a">Capsicum annuum</subfield>
    <subfield code="x">Almcenamiento en fr&#xED;o</subfield>
  </datafield>
  <datafield tag="650" ind1="1" ind2="3">
    <subfield code="9">187781</subfield>
    <subfield code="a">Capsicum annuum</subfield>
    <subfield code="x">Lesi&#xF3;n por fr&#xED;o</subfield>
  </datafield>
  <datafield tag="650" ind1="1" ind2="3">
    <subfield code="9">187781</subfield>
    <subfield code="a">Capsicum annuum</subfield>
    <subfield code="x">Propiedades fisicoqu&#xED;micas</subfield>
  </datafield>
  <datafield tag="650" ind1="1" ind2="0">
    <subfield code="9">187781</subfield>
    <subfield code="a">Capsicum annuum</subfield>
    <subfield code="x">Tecnolog&#xED;a postcosecha</subfield>
  </datafield>
  <datafield tag="650" ind1="1" ind2="3">
    <subfield code="9">187933</subfield>
    <subfield code="a">Elicitores</subfield>
    <subfield code="x">Preservaci&#xF3;n de alimentos</subfield>
  </datafield>
  <datafield tag="650" ind1="1" ind2="3">
    <subfield code="9">147774</subfield>
    <subfield code="a">Alimentos refrigerados  </subfield>
  </datafield>
  <datafield tag="650" ind1="1" ind2="3">
    <subfield code="9">187781</subfield>
    <subfield code="a">Capsicum annuum</subfield>
    <subfield code="x">Cold storage</subfield>
  </datafield>
  <datafield tag="650" ind1="1" ind2="3">
    <subfield code="9">187781</subfield>
    <subfield code="a">Capsicum annuum</subfield>
    <subfield code="x">Cold injury</subfield>
  </datafield>
  <datafield tag="650" ind1="1" ind2="3">
    <subfield code="9">187781</subfield>
    <subfield code="a">Capsicum annuum</subfield>
    <subfield code="x">Physicochemical properties</subfield>
  </datafield>
  <datafield tag="650" ind1="1" ind2="0">
    <subfield code="9">187781</subfield>
    <subfield code="a">Capsicum annuum</subfield>
    <subfield code="x">Postharvest technology</subfield>
  </datafield>
  <datafield tag="700" ind1="1" ind2=" ">
    <subfield code="9">151202</subfield>
    <subfield code="a">Valle Guadarrama, Salvador</subfield>
    <subfield code="e">director</subfield>
  </datafield>
  <datafield tag="700" ind1="1" ind2=" ">
    <subfield code="9">149184</subfield>
    <subfield code="a">Guerra Ram&#xED;rez, Diana</subfield>
    <subfield code="e">asesora</subfield>
  </datafield>
  <datafield tag="700" ind1="1" ind2=" ">
    <subfield code="9">187787</subfield>
    <subfield code="a">Ar&#xE9;valo Galarza,  Maria de Lourdes</subfield>
    <subfield code="e">asesora</subfield>
  </datafield>
  <datafield tag="856" ind1="4" ind2="0">
    <subfield code="y">DESCARGAR PDF</subfield>
    <subfield code="u">http://10.13.5.2/tesis/td/2020_IA_Miranda_Molina_FranciscoDaniel.pdf</subfield>
  </datafield>
  <datafield tag="942" ind1=" " ind2=" ">
    <subfield code="2">Clasificaci&#xF3;n Universidad Aut&#xF3;noma Chapingo</subfield>
    <subfield code="c">TD</subfield>
  </datafield>
  <datafield tag="999" ind1=" " ind2=" ">
    <subfield code="c">219114</subfield>
    <subfield code="d">219114</subfield>
  </datafield>
  <datafield tag="952" ind1=" " ind2=" ">
    <subfield code="0">0</subfield>
    <subfield code="1">0</subfield>
    <subfield code="2">local</subfield>
    <subfield code="4">0</subfield>
    <subfield code="7">0</subfield>
    <subfield code="8">TesdigD</subfield>
    <subfield code="a">IA_</subfield>
    <subfield code="b">IA_</subfield>
    <subfield code="c">E_L</subfield>
    <subfield code="d">2023-08-28</subfield>
    <subfield code="e">El autor</subfield>
    <subfield code="l">0</subfield>
    <subfield code="p">1201013755</subfield>
    <subfield code="r">2023-08-28 00:00:00</subfield>
    <subfield code="w">2023-08-28</subfield>
    <subfield code="y">TD</subfield>
  </datafield>
  <datafield tag="952" ind1=" " ind2=" ">
    <subfield code="0">0</subfield>
    <subfield code="1">0</subfield>
    <subfield code="2">local</subfield>
    <subfield code="4">0</subfield>
    <subfield code="7">0</subfield>
    <subfield code="8">TesdigD</subfield>
    <subfield code="a">BD</subfield>
    <subfield code="b">BD</subfield>
    <subfield code="c">E_L</subfield>
    <subfield code="d">2024-05-29</subfield>
    <subfield code="l">0</subfield>
    <subfield code="o">Tesis digital</subfield>
    <subfield code="r">2024-05-29 00:00:00</subfield>
    <subfield code="w">2024-05-29</subfield>
    <subfield code="y">TD</subfield>
  </datafield>
</record>
